| 000 | 01224nam a2200337Ia 4500 | ||
|---|---|---|---|
| 001 | Z_6484 | ||
| 003 | CHAP | ||
| 005 | 20231121144641.0 | ||
| 008 | 220113s2010 xx 000 0 und d | ||
| 010 | _a169749 | ||
| 040 | _cCHAP | ||
| 090 | _aTesis D84 2270 | ||
| 100 |
_aDueñas Pedro, Roberto Carlos _934400 |
||
| 245 |
_aParásitos gastroentéricos de guajolotes nativos Mexicanos (Meliagris gallopavo L.) / _cRoberto Carlos, Dueñas Pedro |
||
| 260 |
_aMéxico : _bEl autor, _c2010 |
||
| 300 | _aCD. | ||
| 502 | _aTesis (Ingeniero Agrónomo Especialista en Zootecnia) --Uach, 2010 \ Dirección: Elvia López Pérez; asesoría: Santos Cervantes Vásquez y Juan Manuel Cuca García. | ||
| 650 |
_aCoccidias y helmintos _9144915 |
||
| 650 |
_aEimerias _9144916 |
||
| 650 |
_aGuajolote _xnativo Mexicano _9144917 |
||
| 650 |
_aParásitos Gastroentéricos _9144918 |
||
| 700 |
_a Cervantes Vásquez, Santos, asesor _9144919 |
||
| 700 |
_a Cuca García, Juan Manuel, asesor _9144920 |
||
| 700 |
_aLópez Pérez, Elvia, director _9144494 |
||
| 856 | 4 | 2 |
_uhttp://10.13.5.2/tesis/111299.pdf _yDescargar PDF |
| 901 | _aTESIS D84 2270 | ||
| 902 | _aM | ||
| 910 | _a2010 | ||
| 942 |
_c2 _2ddc |
||
| 942 |
_c2 _2ddc |
||
| 999 |
_c169749 _d169749 |
||